Miasta w Albanii - nagła śmierć - Statystyki

Ogólne statystyki
  • Ten quiz został rozwiązany 71 razy
  • Średni wynik to 6 z 11
Answers on the Grid
Answers color-coded by a green-red scale on the quiz's grid according to % correct below.
Berat
Budva
Cetynia
Chania
Durres
Elbasan
Fier
Kawaja
Korcza
Larisa
Lushnja
Nizwa
Podgorica
Prilep
Saranda
Szkodra
Tirana
Wlora
Wolos
Zenica
 
Statystyki odpowiedzi
Odpowiedź % Poprawnych
Tirana
93%
Durres
80%
Szkodra
68%
Wlora
62%
Elbasan
57%
Korcza
55%
Saranda
52%
Berat
50%
Lushnja
48%
Fier
42%
Kawaja
23%
Nie znaleziono quizów pasujących do podanych kryteriów
Rozkład punktacji
Procent ludzi z każdym wynikiem
Percentyl według liczby udzielonych odpowiedzi
Twoja historia wyników
Nie rozwiązałeś tego quizu